000 00283nam a22001337a 4500
008 180608b xxu||||| |||| 00| 0 eng d
020 _a9789995677510
041 _aeng
080 _a070
100 _a40
101 _aMK
245 _aGazetaria politike
_cKuhn,R
942 _2udc
_cBK
999 _c46609
_d46609